000 00546nam a2200157 4500
999 _c16333
_d16333
008 211124b ||||| |||| 00| 0 eng d
022 _a0732-8435
082 _aDPer 657.05 C33 Apr - Sept 2016, v86 n4-9
100 _aLevy, Howard B.
_942733
245 _aDepreciable asset lives:
_bthe forgotten estimate in GAAP/
_cHoward B. Levy.
260 _aNew York:
_bThe New York State Society of CPA,
_c©2016.
300 _av86 n9, pages 6-9:
_billustrations;
_c28 cm.
500 _aThe CPA Journal
650 _xAccounting.
_943743
942 _2ddc
_cPER